100 (well, 78) Largest US Cities - O - Statistics

General Stats
  • This quiz has been taken 206 times
  • The average score is 25 of 78
Answer Stats
Rank Population City % Correct
1 669,347 Oklahoma City, OK
92%
3 440,981 Oakland, CA
88%
67 12,846 Oakland, NJ
88%
2 479,978 Omaha, NE
88%
4 290,520 Orlando, FL
87%
10 137,109 Orange, CA
77%
64 13,934 Orange, CT
77%
55 17,500 Orange, TX
77%
61 15,425 Overland, MO
69%
7 193,594 Ontario, CA
68%
73 10,972 Ontario, OR
68%
14 88,915 Ogden, UT
66%
6 201,034 Overland Park, KS
66%
11 129,928 Odessa, TX
62%
49 20,343 Oregon, OH
55%
76 10,695 Oregon, WI
55%
15 67,408 Oshkosh, WI
55%
5 208,101 Oxnard, CA
55%
9 142,119 Olathe, KS
50%
47 21,075 Oxford, AL
49%
37 28,996 Oxford, MS
49%
46 23,588 Oxford, OH
49%
8 175,710 Oceanside, CA
48%
12 98,624 Orem, UT
40%
30 37,769 Oregon City, OR
38%
20 53,630 Olympia, WA
37%
17 60,903 Owensboro, KY
35%
16 61,810 Ocala, FL
34%
21 52,797 Oak Park, IL
33%
36 29,141 Oak Park, MI
33%
26 43,387 Oakley, CA
30%
43 23,998 Oakdale, CA
29%
38 27,823 Oakdale, MN
29%
53 17,951 Ottawa, IL
29%
70 12,216 Ottawa, KS
29%
34 29,635 O'Fallon, IL
28%
13 89,291 O'Fallon, MO
28%
74 10,859 Ocean City, NJ
27%
18 57,213 Orland Park, IL
27%
35 29,384 Oak Ridge, TN
25%
29 38,390 Oswego, IL
25%
57 17,042 Oswego, NY
25%
75 10,788 Oneida, NY
22%
68 12,685 Orange City, FL
22%
19 54,206 Oak Lawn, IL
21%
66 13,161 Olean, NY
19%
45 23,951 Oroville, CA
19%
27 42,436 Oviedo, FL
17%
63 14,194 Ozark, AL
17%
48 21,060 Ozark, MO
17%
56 17,299 Oconomowoc, WI
16%
23 47,502 Oro Valley, AZ
16%
69 12,402 Orangeburg, SC
15%
33 31,472 Opelika, AL
14%
58 15,547 Opelousas, LA
14%
42 24,274 Ottumwa, IA
14%
65 13,765 Oneonta, NY
12%
32 36,163 Oak Creek, WI
11%
39 26,797 Oak Forest, IL
10%
78 10,186 Ogdensburg, NY
10%
25 44,591 Ormond Beach, FL
10%
41 24,454 Ossining, NY
10%
22 49,231 Ocoee, FL
9%
51 19,691 Otsego, MN
9%
40 25,662 Owatonna, MN
9%
44 23,975 Oak Harbor, WA
8%
52 19,483 Onalaska, WI
8%
24 45,170 Oakland Park, FL
7%
54 17,900 Ocean Springs, MS
7%
71 11,735 Okmulgee, OK
7%
28 40,382 Olive Branch, MS
7%
60 15,523 Opa-Locka, FL
7%
72 11,622 Oskaloosa, IA
7%
59 15,527 Oldsmar, FL
6%
31 37,547 Owasso, OK
6%
62 14,373 Owosso, MI
6%
50 20,136 Orinda, CA
5%
77 10,247 Orange Cove, CA
1%
No matching quizzes found
Score Distribution
Percent of People with Each Score
Percentile by Number Answered
Your Score History
You have not taken this quiz